000 00320nam a22001337a 4500
008 260327b ||||| |||| 00| 0 eng d
020 _a9951050247
041 _aeng
080 _a821.018
100 _a25
101 _aNgjarje
245 _aBerit Backer Behind Stone Walls
_cDugagjini Ballkan Books
942 _2udc
_cBK
999 _c60945
_d60945